000
00312nam a22001337a 4500
003
SGT
082
_a
617.643
_b
A19R
100
_a
ROY, BIRSUBHRA
245
_a
ADVANCED TRAUMA LIFE SUPPORT
260
_a
DELHI NCR
_b
SGT UNIVERSITY GURUGRAM
_c
2019
300
_a
1-95
650
_a
ORAL SURGERY
942
_2
ddc
_c
TH
999
_c
19034
_d
19034